| 000 | 00950cam a2200301 i 4500 | ||
|---|---|---|---|
| 001 | 3227762 | ||
| 003 | NUST - PNEC | ||
| 005 | 20170116180847.0 | ||
| 008 | 791227s1980 dcua b 001 0 eng | ||
| 010 | _a 79028286 | ||
| 020 | _a0070487405 | ||
| 020 | _a0891165223 | ||
| 040 |
_aDLC _cLIBRARY _dDLC |
||
| 050 | 0 | 0 |
_aQC320 _b.P37 |
| 082 | 0 | 0 | _a536.2 PAT |
| 100 | 1 |
_aPatankar, Suhas V., _d1941- |
|
| 245 | 1 | 0 |
_aNumerical heat transfer and fluid flow / _cSuhas V. Patankar. |
| 260 |
_aWashington : _bHemisphere Pub. Corp. ; _aNew York : _bMcGraw-Hill, _cc1980. |
||
| 300 |
_axiii, 197 p. : _bill. ; _c27 cm. |
||
| 440 | 0 | _aSeries in computational methods in mechanics and thermal sciences | |
| 500 | _aIncludes index. | ||
| 504 | _aBibliography: p. 189-193. | ||
| 650 | 0 |
_aHeat _xTransmission. _xME |
|
| 650 | 0 | _aFluid dynamics. | |
| 650 | 0 | _aNumerical analysis. | |
| 906 |
_a7 _bcbc _corignew _d1 _eocip _f19 _gy-gencatlg |
||
| 942 |
_2ddc _cBK |
||
| 999 |
_c64481 _d64481 |
||